000 00700nam a2200181Ia 4500
003 GCL
008 140319s9999 xx 000 0 ara d
040 _aGCL /
_cGCL
082 0 4 _aق
_b962.031
_bع ص
100 1 _aعمر طوسون
245 1 0 _aصفحة من تاريخ مصر فى عهد محمد على :
_bالجيش المصرى البرى والبحرى /
_cعمر طوسون
260 _aالقاهرة :
_bمكتبة مدبولى ،
_c1990
300 _a249 ص+100 ؛
_c24 سم
490 _aصفحات من تاريخ مصر
_v3
650 0 4 _aمصر - تاريخ - العصر الحديث - عصر محمد على ( 1805- 1849 م )
650 0 4 _aمصر - تاريخ
942 _2ddc
_cBK
999 _c52240
_d52240